<?xml version="1.0" encoding="UTF-8"?>
<record
    xmlns:xsi="http://www.w3.org/2001/XMLSchema-instance"
    xsi:schemaLocation="http://www.loc.gov/MARC21/slim http://www.loc.gov/standards/marcxml/schema/MARC21slim.xsd"
    xmlns="http://www.loc.gov/MARC21/slim">

  <leader>01137nam a2200337Ia 4500</leader>
  <controlfield tag="001">dia_1216</controlfield>
  <controlfield tag="003">CHAP</controlfield>
  <controlfield tag="005">20230120140133.0</controlfield>
  <controlfield tag="008">220117s1976    xx            000 0 und d</controlfield>
  <datafield tag="010" ind1=" " ind2=" ">
    <subfield code="a">171758</subfield>
  </datafield>
  <datafield tag="020" ind1=" " ind2=" ">
    <subfield code="a">84-252-0142-X</subfield>
  </datafield>
  <datafield tag="040" ind1=" " ind2=" ">
    <subfield code="c">CHAP</subfield>
  </datafield>
  <datafield tag="082" ind1=" " ind2=" ">
    <subfield code="a">523.018 D39 1976</subfield>
  </datafield>
  <datafield tag="100" ind1=" " ind2=" ">
    <subfield code="a">Dawes, Chester L.</subfield>
    <subfield code="9">31313</subfield>
  </datafield>
  <datafield tag="245" ind1=" " ind2=" ">
    <subfield code="a">Tratado de electricidad \ Chester L. Dawes ; traducci&#xF3;n Santiago Rubi&#xF3;</subfield>
  </datafield>
  <datafield tag="260" ind1=" " ind2=" ">
    <subfield code="a">Barcelona, Espa&#xF1;a  :</subfield>
    <subfield code="b"> Gustavo Gili,</subfield>
    <subfield code="c">1976</subfield>
  </datafield>
  <datafield tag="300" ind1=" " ind2=" ">
    <subfield code="a">2 t.</subfield>
  </datafield>
  <datafield tag="500" ind1=" " ind2=" ">
    <subfield code="a">T&#xED;tulo original: A course in electrical engineering</subfield>
  </datafield>
  <datafield tag="503" ind1=" " ind2=" ">
    <subfield code="a">I. 41245 (t.1 Ej.1) \ I. 41247 (t.1 Ej.2) \ I. 41246 (t.1 Ej.3) \ I. 23382 (t.2 Ej.1) \ D. (t.2 Ej.3)</subfield>
  </datafield>
  <datafield tag="505" ind1=" " ind2=" ">
    <subfield code="a">v.Corriente continua \ v.2. Corriente alterna</subfield>
  </datafield>
  <datafield tag="590" ind1=" " ind2=" ">
    <subfield code="a">TK146 D39 1976</subfield>
  </datafield>
  <datafield tag="650" ind1=" " ind2=" ">
    <subfield code="a">Corriente alterna  </subfield>
    <subfield code="9">150274</subfield>
  </datafield>
  <datafield tag="650" ind1=" " ind2=" ">
    <subfield code="a">Corriente Continua  </subfield>
    <subfield code="9">150275</subfield>
  </datafield>
  <datafield tag="650" ind1=" " ind2=" ">
    <subfield code="a">Electricidad  </subfield>
    <subfield code="9">36215</subfield>
  </datafield>
  <datafield tag="650" ind1=" " ind2=" ">
    <subfield code="a">Electricity</subfield>
    <subfield code="9">150276</subfield>
  </datafield>
  <datafield tag="700" ind1=" " ind2=" ">
    <subfield code="a">Rubi&#xF3;, Santiago, tr.</subfield>
    <subfield code="9">150277</subfield>
  </datafield>
  <datafield tag="901" ind1=" " ind2=" ">
    <subfield code="a">523.018 D39 1976</subfield>
  </datafield>
  <datafield tag="902" ind1=" " ind2=" ">
    <subfield code="a">M</subfield>
  </datafield>
  <datafield tag="905" ind1=" " ind2=" ">
    <subfield code="a">5232221976           1974           sp aimn8222223322spa16</subfield>
  </datafield>
  <datafield tag="942" ind1=" " ind2=" ">
    <subfield code="c">LIBRO</subfield>
    <subfield code="2">ddc</subfield>
  </datafield>
  <datafield tag="999" ind1=" " ind2=" ">
    <subfield code="c">171758</subfield>
    <subfield code="d">171758</subfield>
  </datafield>
  <datafield tag="952" ind1=" " ind2=" ">
    <subfield code="0">0</subfield>
    <subfield code="1">0</subfield>
    <subfield code="2">ddc</subfield>
    <subfield code="4">0</subfield>
    <subfield code="7">0</subfield>
    <subfield code="8">GRAL</subfield>
    <subfield code="a">IA_</subfield>
    <subfield code="b">IA_</subfield>
    <subfield code="d">2022-01-18</subfield>
    <subfield code="f">1</subfield>
    <subfield code="h"> Tomo: 2</subfield>
    <subfield code="l">0</subfield>
    <subfield code="o">523.018 D39 1976</subfield>
    <subfield code="p">dia_001680</subfield>
    <subfield code="r">2022-01-18 00:00:00</subfield>
    <subfield code="t">3</subfield>
    <subfield code="w">2022-01-18</subfield>
    <subfield code="y">LIBRO</subfield>
  </datafield>
  <datafield tag="952" ind1=" " ind2=" ">
    <subfield code="0">0</subfield>
    <subfield code="1">0</subfield>
    <subfield code="2">ddc</subfield>
    <subfield code="4">0</subfield>
    <subfield code="5">1</subfield>
    <subfield code="7">0</subfield>
    <subfield code="8">GRAL</subfield>
    <subfield code="a">IA_</subfield>
    <subfield code="b">IA_</subfield>
    <subfield code="d">1978-12-28</subfield>
    <subfield code="e">Compra Metropolitana F. 10029 / Vale 8054 (28-12-78) / R. 25116 (25/09/90)</subfield>
    <subfield code="g">370.00</subfield>
    <subfield code="h"> Tomo: 1</subfield>
    <subfield code="i">41245</subfield>
    <subfield code="l">0</subfield>
    <subfield code="o">523.018 D39 1976</subfield>
    <subfield code="p">dia_001257</subfield>
    <subfield code="r">2022-01-18 00:00:00</subfield>
    <subfield code="t">Ej.1</subfield>
    <subfield code="y">LIBRO</subfield>
  </datafield>
  <datafield tag="952" ind1=" " ind2=" ">
    <subfield code="0">0</subfield>
    <subfield code="1">0</subfield>
    <subfield code="2">ddc</subfield>
    <subfield code="4">0</subfield>
    <subfield code="5">5</subfield>
    <subfield code="7">0</subfield>
    <subfield code="8">GRAL</subfield>
    <subfield code="a">IA_</subfield>
    <subfield code="b">IA_</subfield>
    <subfield code="d">1978-12-28</subfield>
    <subfield code="e">Compra Metropolitana F. 10029 / Vale 8054 (28-12-78) / R. 25116 (25/09/90)</subfield>
    <subfield code="g">370.00</subfield>
    <subfield code="h"> Tomo: 1</subfield>
    <subfield code="i">41247</subfield>
    <subfield code="l">0</subfield>
    <subfield code="o">523.018 D39 1976</subfield>
    <subfield code="p">dia_001258</subfield>
    <subfield code="r">2022-01-18 00:00:00</subfield>
    <subfield code="t">Ej.2</subfield>
    <subfield code="y">LIBRO</subfield>
  </datafield>
  <datafield tag="952" ind1=" " ind2=" ">
    <subfield code="0">0</subfield>
    <subfield code="1">0</subfield>
    <subfield code="2">ddc</subfield>
    <subfield code="4">0</subfield>
    <subfield code="5">5</subfield>
    <subfield code="7">0</subfield>
    <subfield code="8">GRAL</subfield>
    <subfield code="a">IA_</subfield>
    <subfield code="b">IA_</subfield>
    <subfield code="d">1978-12-28</subfield>
    <subfield code="e">Compra Metropolitana F. 10029 / Vale 8054 (28-12-78) / R. 25116 (25/09/90)</subfield>
    <subfield code="g">370.00</subfield>
    <subfield code="h">Tomo: 1</subfield>
    <subfield code="i">41246</subfield>
    <subfield code="l">1</subfield>
    <subfield code="o">523.018 D39 1976</subfield>
    <subfield code="p">dia_001259</subfield>
    <subfield code="r">2024-08-27 18:05:21</subfield>
    <subfield code="s">2024-08-27</subfield>
    <subfield code="t">Ej.3</subfield>
    <subfield code="y">LIBRO</subfield>
  </datafield>
  <datafield tag="952" ind1=" " ind2=" ">
    <subfield code="0">0</subfield>
    <subfield code="1">0</subfield>
    <subfield code="2">ddc</subfield>
    <subfield code="4">0</subfield>
    <subfield code="5">1</subfield>
    <subfield code="7">0</subfield>
    <subfield code="8">GRAL</subfield>
    <subfield code="a">IA_</subfield>
    <subfield code="b">IA_</subfield>
    <subfield code="d">2022-01-18</subfield>
    <subfield code="e">Compra Librer&#xED;a F. / R. 25113 (25/09/1990)</subfield>
    <subfield code="g">333.00</subfield>
    <subfield code="h">Tomo: 2</subfield>
    <subfield code="i">23382</subfield>
    <subfield code="l">0</subfield>
    <subfield code="o">523.018 D39 1976</subfield>
    <subfield code="p">dia_000780</subfield>
    <subfield code="r">2022-01-18 00:00:00</subfield>
    <subfield code="t">Ej.1</subfield>
    <subfield code="y">LIBRO</subfield>
  </datafield>
  <datafield tag="952" ind1=" " ind2=" ">
    <subfield code="0">0</subfield>
    <subfield code="1">0</subfield>
    <subfield code="2">ddc</subfield>
    <subfield code="4">0</subfield>
    <subfield code="7">0</subfield>
    <subfield code="8">GRAL</subfield>
    <subfield code="a">IA_</subfield>
    <subfield code="b">IA_</subfield>
    <subfield code="d">2022-01-18</subfield>
    <subfield code="f">1</subfield>
    <subfield code="h"> Tomo: 2</subfield>
    <subfield code="l">0</subfield>
    <subfield code="o">523.018 D39 1976</subfield>
    <subfield code="p">dia_000779</subfield>
    <subfield code="r">2023-05-22 00:00:00</subfield>
    <subfield code="t">2</subfield>
    <subfield code="w">2022-01-18</subfield>
    <subfield code="y">LIBRO</subfield>
  </datafield>
</record>
